Developing Management Skills; (Record no. 594757)
[ view plain ]
| 000 -LEADER | |
|---|---|
| fixed length control field | 00438nam a22001457a 4500 |
| 020 ## - INTERNATIONAL STANDARD BOOK NUMBER | |
| International Standard Book Number | 9780072920109 |
| 040 ## - CATALOGING SOURCE | |
| Transcribing agency | NUST |
| 082 ## - DEWEY DECIMAL CLASSIFICATION NUMBER | |
| Classification number | 658.407124 BAL |
| 100 ## - MAIN ENTRY--PERSONAL NAME | |
| Personal name | Baldwin, Timothy T. |
| 9 (RLIN) | 112304 |
| 110 ## - MAIN ENTRY--CORPORATE NAME | |
| Corporate name or jurisdiction name as entry element | Bommer, H. William Rubin, Robert S. |
| 9 (RLIN) | 112305 |
| 245 ## - TITLE STATEMENT | |
| Title | Developing Management Skills; |
| Remainder of title | What Great Managers Know And Do |
| 260 ## - PUBLICATION, DISTRIBUTION, ETC. | |
| Place of publication, distribution, etc. | Boston; |
| Name of publisher, distributor, etc. | McGraw Hill, |
| Date of publication, distribution, etc. | 2008. |
| 650 ## - SUBJECT ADDED ENTRY--TOPICAL TERM | |
| Topical term or geographic name entry element | Management Skills |
| 9 (RLIN) | 112390 |
| 942 ## - ADDED ENTRY ELEMENTS (KOHA) | |
| Source of classification or shelving scheme | |
| Koha item type | Book |
| Withdrawn status | Lost status | Source of classification or shelving scheme | Damaged status | Not for loan | Permanent Location | Current Location | Shelving location | Date acquired | Total Checkouts | Full call number | Barcode | Date last seen | Price effective from | Koha item type |
|---|---|---|---|---|---|---|---|---|---|---|---|---|---|---|
| College of Electrical & Mechanical Engineering (CEME) | College of Electrical & Mechanical Engineering (CEME) | General Stacks | 05/15/2023 | 658.407124 BAL | CEME-45451 | 05/15/2023 | 05/15/2023 | Book |
